| 000 | 00600nam a2200193 a 4500 | ||
|---|---|---|---|
| 005 | 20140412111314.0 | ||
| 008 | 010416s19uu xx 00 eng d | ||
| 020 | _a0-85648-767-8 | ||
| 050 |
_aM 226.809 _bF828 1985 |
||
| 100 | _aFrank, Penny | ||
| 245 |
_aThe story of the lost sheep / _cstory by Penny Frank; illustrated by Tony Morris. |
||
| 260 |
_aEngland : _bLion Publishing Plc, _c1985. |
||
| 300 | _a23p. ; ill. | ||
| 440 | _aThe Lion Story Bible, 42 | ||
| 650 | _aLost sheep (Parable) - Juvenile literature | ||
| 650 | _aParables | ||
| 650 | _aBible stories - N. T. | ||
| 999 |
_c104165 _d104165 |
||